| 000 | 00491nam a22001697a 4500 | ||
|---|---|---|---|
| 005 | 20260113094525.0 | ||
| 008 | 260113b |||||||| |||| 00| 0 eng d | ||
| 020 | _a978-1-536-15-936-3 | ||
| 050 | _aQA 76.9.A25 C93 2019 | ||
| 100 | _aSIEVIER CHRISTIAN | ||
| 245 |
_aCYBER SECURITY _bBACKGROUND,RISK MANAGEMENT AND FEDERAL POLICIES |
||
| 260 |
_aNEWYORK _bSNOVA _c2019 |
||
| 300 | _aC,193 | ||
| 500 | _aincludes an index | ||
| 650 | _aComputer security -united states | ||
| 942 |
_2lcc _cBK |
||
| 999 |
_c216451 _d216451 |
||